01164cam a22002771 4500001001300000003000400013005001700017008004100034010001700075025001900092035001900111040002800130050001900158082002000177100003800197245010400235260003700339300003800376500022500414504003100639650004000670651004500710710006500755710004900820999001700869sa 68008830 DLC20260227112537.0781030s1968 ii ae b 000 0 eng  asa 68008830  aPL480:I-E-9947 a(OCoLC)4328996 aDLCcMHdMHdOCoLCdDLC00aHT169.I52bC48 a301.3/64/0954551 aD'Souza, Victor Salvadore,d1923-10aSocial structure of a planned city, Chandigarh,cby Victor S. D'Souza, assisted by a research team. aBombay,bOrient Longmansc[1968] axv, 408 p.billus., plan.c25 cm. a"This study was undertaken in the Department of Sociology, Panjab University, under the sponsorship and with the financial assistance of the Research Programmes Committee of the Planning Commission, Government of India." aBibliographical footnotes. 0aCity planningzIndiazChandīgarh. 0aChandīgarh (India)xSocial conditions.1 aIndia.bPlanning Commission.bResearch Programmes Committee.2 aPanjab University.bDepartment of Sociology. c82599d82599